000 00415nam a2200157 i 4500
001 129457
003 ES-MaACL
005 20230906193514.0
007 t|
008 070615s1910 fr ||||1| fre d
100 1 _aThamin, Raymond.
_9109863
245 1 0 _aÉducation et positivisme /
_cpar R. Thamin.
260 _aParís :
_bE. Arrault,
_c1910.
300 _aXI, 158 p. ;
_c19 cm.
852 _aES-MaACL
_jF-11669
999 _c129457
_d129457